000
00208nam a2200097Ia 4500
008
231207s9999 xx 000 0 und d
082
_a
962
_b
RIA
100
_a
Riaz Ahmad
245
0
_a
Misr
260
_b
Takhliqaat
999
_c
13078
_d
13078